00768 a2200193 4500999001900000005001700019010001500036020003000051035001400081037001300095082001100108100001900119245011300138260006100251270008500312300003000397942002700427952012000454 c183214d18321420220309144149.0 aENG-130440 a978-93-89811-89-6c305.00 aEN-113972 bDBAD/PUB a000b1 aSingh, Pavneet aCurrent Affairs MCQs For Prelims 2020cPavneet SinghbSourced from Newspapers, Economic Survey & Budget 2020 aTamill NadubMcGraw Hill Education Private Limitedc2021 a444/1, Sri Ekambara Naicker Industrial Estate, Alapakkam, PorurbChennaie600116 axvii, 10.36p.c22cm (pbk) adplcEN2ddch000mSIN 001040708NFICaZLSbZLSd2021-12-20eDBAD/PUBg305.00l0o000 SINpEN-113972r2021-12-20 00:00:00t1v305.00yEN